000 00256nam a2200109Ia 4500
008 190912s9999||||xx |||||||||||||| ||und||
100 _aImran Qureshi
245 0 _aBilla Nayee and Other Stories
260 _aUK
_bAddision
_c2001
300 _a258
942 _cBK
999 _c7553
_d7553